İLK GENÇLİK ÇAĞINA ÖYKÜLER BİRİNCİ CİLT (Record no. 1209337)
[ view plain ]
| 000 -LEADER | |
|---|---|
| sabit uzunluktaki kontrol alanı | 00278nam a2200097Ia 4500 |
| 001 - KONTROL NUMARASI | |
| kontrol alanı | 1209337 |
| 005 - EN SON İŞLEMİN TARİH VE ZAMANI | |
| kontrol alanı | 20250827022903.0 |
| 008 - SABİT-UZUNLUKTA VERİ ÖĞELERİ--GENEL BİLGİ | |
| sabit uzunluktaki kontrol alanı | 250824s9999 xx 000 0 und d |
| 245 #0 - ESER / YAZAR | |
| ESER ADI | İLK GENÇLİK ÇAĞINA ÖYKÜLER BİRİNCİ CİLT |
| Yazar Adı | SELİM İLERİ |
| 260 ## - YAYIN, DAĞITIM, VB. | |
| YAYIN EVİ | EVEREST YAYINLARI |
| Düşüm durumu | Kayıp durumu | Sınıflandırma Kaynağı veya raf şeması | Hasar Durumu | Ödünç verilmez | Ana kütüphane | Geçerli Kütüphane | Edinilen tarih | Toplam ödünç verme sayısı | Tam yer numarası | Barkod | Son görüntüleme tarihi | Fiyatın geçerli olmaya başladığı tarih | Koha materyal türü |
|---|---|---|---|---|---|---|---|---|---|---|---|---|---|
| Dewey Ondalık Sınıflama | KONYA ATATÜRK ANADOLU LİSESİ | KONYA ATATÜRK ANADOLU LİSESİ | 24.08.2025 | O-1 | 11013121 | 27.08.2025 | 27.08.2025 | Books |